000 00652nam a2200229 a 4500
008
020 _a0736000860
049 _aMAIN
050 0 0 _aGV706.4
_bDOI
245 0 0 _aDoing sport psychology /
_cMark B. Andersen, editor.
260 _aChampaign, IL :
_aHuman Kinetics,
_cc2000.
300 _axvii, 293 p. ;
_c28 cm.
504 _aIncludes bibliographical references.
500 _aIncludes index.
650 0 _aSports
_xPsychological aspects.
700 1 _aAndersen, Mark B.
907 _a.b10078344
_b26-04-12
_c20-06-03
003
005 20230123133303.0
040 _cNUST
942 _cBOOKS
999 _c145983
_d145983